000 00302nam a2200133Ia 4500
008 210210b1951 xxu||||| |||| 00| 0 eng d
082 _a150/6
100 _aBARLOW (F).
245 _aMental prodigies.
260 _a
_bNot Mentioned
_c1951
650 _aMental
690 _aPsychology
906 _a000955
999 _c77470
_d77470